[Event "HUN-chT2 Breyer 1516"]
[Site "Hungary"]
[Date "2016.02.28"]
[Round "8.12"]
[White "Bohm, Zsombor"]
[Black "Pasztor, Balazs"]
[Result "0-1"]
[WhiteElo "1707"]
[BlackElo "1745"]
[PlyCount "78"]
[EventDate "2015.09.13"]
[EventType "team-tourn"]
[EventRounds "11"]
[EventCountry "HUN"]
[SourceTitle "EXT 2017"]
[Source "ChessBase"]
[SourceDate "2016.10.25"]
[SourceVersion "1"]
[SourceVersionDate "2016.10.25"]
[SourceQuality "1"]
[WhiteTeam "Zsambek"]
[BlackTeam "Naszaly Geniusz Tata"]
[WhiteTeamCountry "HUN"]
[BlackTeamCountry "HUN"]

1. e4 e5 2. Nf3 Nc6 3. Bb5 a6 4. Ba4 Nf6 5. d3 b5 6. Bb3 Be7 7. 0-0 d6 8. h3 Na5 9. Be3 Nxb3 10. axb3 0-0 11. b4 Bb7 12. b3 Re8 13. c4 Qd7 14. Nc3 h6 15. Ne1 Bf8 16. Nc2 Rad8 17. f3 c6 18. Bb6 Rc8 19. c5 d5 20. d4 g6 21. Re1 exd4 22. Qxd4 Bg7 23. e5 Nh7 24. f4 f6 25. Re2 fxe5 26. fxe5 Ng5 27. Rae1 Re7 28. Qd3 Kh7 29. Nd4 Rce8 30. Qg3 Nf7 31. Nf3 d4 32. Ne4 d3 33. Rd2 Nxe5 34. Nxe5 Rxe5 35. Rxd3 Qf5 36. Rf3 Rxe4 37. Ref1 Qe5 38. Qxe5 R4xe5 39. Rf7 R5e7 0-1

[Event "HUN-chT2 Breyer 1516"]
[Site "Hungary"]
[Date "2015.11.08"]
[Round "4.12"]
[White "Palovics, Laszlo"]
[Black "Bohm, Zsombor"]
[Result "1-0"]
[WhiteElo "1398"]
[BlackElo "1707"]
[PlyCount "105"]
[EventDate "2015.09.13"]
[EventType "team-tourn"]
[EventRounds "11"]
[EventCountry "HUN"]
[SourceTitle "CBM 170 Extra"]
[Source "ChessBase"]
[SourceDate "2016.02.25"]
[SourceVersion "1"]
[SourceVersionDate "2016.02.25"]
[SourceQuality "1"]
[WhiteTeam "Vizugy"]
[BlackTeam "Zsambek"]
[WhiteTeamCountry "HUN"]
[BlackTeamCountry "HUN"]

1. e4 c5 2. Nf3 Nc6 3. d4 cxd4 4. Nxd4 Nf6 5. Nc3 e6 6. Bc4 Be7 7. 0-0 d6 8. Re1 0-0 9. a3 a6 10. Qd3 Qc7 11. Bb3 b6 12. Be3 Bb7 13. Nce2 Nxd4 14. Nxd4 Bxe4 15. Qd2 d5 16. f3 Bg6 17. Bf4 Bd6 18. Bg5 Bxh2+ 19. Kh1 Nh5 20. g4 Bf4 21. Bxf4 Qxf4 22. Qxf4 Nxf4 23. c4 Nd3 24. Re2 Nc5 25. cxd5 exd5 26. Rd1 Nxb3 27. Nxb3 f6 28. Nd4 Rfc8 29. Red2 h5 30. gxh5 Bxh5 31. Rh2 g6 32. Rg1 Kf7 33. Rg3 Rc1+ 34. Kg2 Rd1 35. Nb3 Rc8 36. Kh3 Rd3 37. Nd2 Rc2 38. Nf1 Rc1 39. Rf2 Rdd1 40. Kg2 d4 41. f4 d3 42. Nd2 Rg1+ 43. Kh3 Rh1+ 44. Rh2 Rxh2+ 45. Kxh2 Rc2 46. Rxd3 Rxb2 47. Kg3 f5 48. Nc4 Be2 49. Nxb2 Bxd3 50. Nxd3 b5 51. Kh4 a5 52. Ne5+ Ke6 53. Nc6 1-0

[Event "HUN-chT2 Breyer 1415"]
[Site "Hungary"]
[Date "2015.01.25"]
[Round "7.11"]
[White "Bohm, Zsombor"]
[Black "Horvath, Ilona Klara"]
[Result "0-1"]
[WhiteElo "1745"]
[BlackElo "1910"]
[PlyCount "62"]
[EventDate "2014.09.07"]
[EventType "team-tourn"]
[EventRounds "11"]
[EventCountry "HUN"]
[SourceTitle "EXT 2016"]
[Source "ChessBase"]
[SourceDate "2015.10.08"]
[SourceVersion "1"]
[SourceVersionDate "2015.10.08"]
[SourceQuality "1"]
[WhiteTeam "Zsambek"]
[BlackTeam "MAFC"]
[WhiteTeamCountry "HUN"]
[BlackTeamCountry "HUN"]

1. e4 c6 2. d4 d5 3. exd5 cxd5 4. Bd3 Nf6 5. Nf3 Bg4 6. h3 Bh5 7. c3 e6 8. Bf4 Nc6 9. Nbd2 Bd6 10. Bxd6 Qxd6 11. 0-0 0-0 12. Qc2 Rac8 13. a3 Rfe8 14. Rfe1 a6 15. Ne5 Nxd4 16. Qa4 Nc6 17. Ndf3 Bxf3 18. Nxf3 h6 19. Rad1 Qc7 20. Qh4 e5 21. Bf5 Rcd8 22. g4 e4 23. g5 hxg5 24. Nxg5 Qe5 25. Bh7+ Nxh7 26. Qxh7+ Kf8 27. Qh8+ Ke7 28. Qh4 Rh8 29. Qg4 f5 30. Qg2 Kf6 31. Rf1 Qf4 0-1

[Event "HUN-chT2 Breyer 1415"]
[Site "Hungary"]
[Date "2014.11.16"]
[Round "4.12"]
[White "Bohm, Zsombor"]
[Black "Lakatos, Tamas"]
[Result "1/2-1/2"]
[WhiteElo "1745"]
[BlackElo "1615"]
[PlyCount "76"]
[EventDate "2014.09.07"]
[EventType "team-tourn"]
[EventRounds "11"]
[EventCountry "HUN"]
[SourceTitle "EXT 2016"]
[Source "ChessBase"]
[SourceDate "2015.10.08"]
[SourceVersion "1"]
[SourceVersionDate "2015.10.08"]
[SourceQuality "1"]
[WhiteTeam "Zsambek"]
[BlackTeam "Sarkany DSE"]
[WhiteTeamCountry "HUN"]
[BlackTeamCountry "HUN"]

1. e4 c6 2. d4 d5 3. exd5 cxd5 4. Bd3 Nc6 5. c3 Nf6 6. Bf4 Bg4 7. f3 Bh5 8. Ne2 e6 9. 0-0 Bd6 10. Na3 0-0 11. Bxd6 Qxd6 12. Ng3 Bg6 13. Bxg6 hxg6 14. Qd2 a6 15. Rfe1 Rac8 16. Nc2 e5 17. Kh1 exd4 18. Nxd4 Nxd4 19. Qxd4 Qc6 20. Nf1 b5 21. Ne3 Rfe8 22. Rad1 Re7 23. Ng4 Rce8 24. Rxe7 Rxe7 25. Nxf6+ gxf6 26. h3 Re5 27. f4 Re2 28. Rd2 Rxd2 29. Qxd2 Qc4 30. b3 Qe4 31. Qd4 Qxd4 32. cxd4 b4 33. f5 g5 34. Kh2 Kg7 35. Kg3 Kh6 36. Kg4 Kg7 37. h4 Kh6 38. g3 a5 1/2-1/2

[Event "HUN-chT2 Breyer 1314"]
[Site "Hungary"]
[Date "2014.04.13"]
[Round "8.11"]
[White "Gonczi, Gabor"]
[Black "Bohm, Zsombor"]
[Result "0-1"]
[WhiteElo "1355"]
[BlackElo "1707"]
[PlyCount "78"]
[EventDate "2013.09.08"]
[EventType "team-tourn"]
[EventRounds "9"]
[EventCountry "HUN"]
[SourceTitle "EXT 2016"]
[Source "ChessBase"]
[SourceDate "2015.10.08"]
[SourceVersion "1"]
[SourceVersionDate "2015.10.08"]
[SourceQuality "1"]
[WhiteTeam "Tatabanya Turul"]
[BlackTeam "Zsambek"]
[WhiteTeamCountry "HUN"]
[BlackTeamCountry "HUN"]

1. e4 c5 2. Nc3 e6 3. g3 a6 4. Bg2 Qc7 5. Nge2 Nf6 6. b3 Be7 7. Bb2 d6 8. d3 Nbd7 9. Qd2 Rb8 10. a3 b5 11. b4 Bb7 12. d4 Nb6 13. Bc1 Nc4 14. Qd3 0-0 15. 0-0 Rfd8 16. d5 exd5 17. exd5 Re8 18. Nd1 Ng4 19. Ne3 Nge5 20. Qe4 Bf6 21. c3 Re7 22. Nxc4 Nxc4 23. Qc2 Rbe8 24. Re1 Bxc3 25. Qxc3 Rxe2 26. Be3 Rxe1+ 27. Rxe1 Nxe3 28. fxe3 c4 29. e4 Qb6+ 30. Kh1 Bc8 31. e5 dxe5 32. Rxe5 Qd8 33. d6 g6 34. Bc6 Re6 35. Qd4 Rxd6 36. Re8+ Qxe8 37. Qxd6 Qf8 38. Qc7 h5 39. Bd5 Bh3 0-1

[Event "HUN-chT2 Breyer 1213"]
[Site "Hungary"]
[Date "2013.04.07"]
[Round "10.10"]
[White "Bohm, Zsombor"]
[Black "Horvath, Laszlo"]
[Result "0-1"]
[WhiteElo "1688"]
[BlackElo "1963"]
[PlyCount "68"]
[EventDate "2012.09.16"]
[EventType "team-tourn"]
[EventRounds "11"]
[EventCountry "HUN"]
[SourceTitle "EXT 2014"]
[Source "ChessBase"]
[SourceDate "2013.11.20"]
[SourceVersion "1"]
[SourceVersionDate "2013.11.20"]
[SourceQuality "1"]
[WhiteTeam "Zsambek"]
[BlackTeam "Gyor Komszomol"]
[WhiteTeamCountry "HUN"]
[BlackTeamCountry "HUN"]

1. e4 Nf6 2. Nc3 d5 3. exd5 Nxd5 4. Nxd5 Qxd5 5. Qf3 Be6 6. c4 Qe5+ 7. Qe3 Nc6 8. Nf3 Qxe3+ 9. fxe3 g6 10. d4 Bf5 11. Bd2 Bg7 12. Bc3 0-0 13. Rd1 Rad8 14. Be2 Rfe8 15. 0-0 Bh6 16. Bd2 e5 17. d5 e4 18. Nh4 Bc8 19. g3 Ne5 20. Rfe1 c6 21. Bc1 cxd5 22. Rxd5 Rxd5 23. cxd5 Nd3 24. Bxd3 exd3 25. Nf3 Bg4 26. Kf2 Rc8 27. Ne5 Rc2+ 28. Kg1 Rxc1 29. Nxd3 Rxe1+ 30. Nxe1 Bxe3+ 31. Kg2 Be2 32. Nc2 Bc4 33. b3 Bd3 34. b4 Bxc2 0-1

[Event "HUN-chT2 Breyer 1213"]
[Site "Hungary"]
[Date "2013.01.27"]
[Round "7.10"]
[White "Bohm, Zsombor"]
[Black "Balonyi, Roland"]
[Result "1-0"]
[WhiteElo "1688"]
[BlackElo "1650"]
[PlyCount "77"]
[EventDate "2012.09.16"]
[EventType "team-tourn"]
[EventRounds "11"]
[EventCountry "HUN"]
[SourceTitle "EXT 2014"]
[Source "ChessBase"]
[SourceDate "2013.11.20"]
[SourceVersion "1"]
[SourceVersionDate "2013.11.20"]
[SourceQuality "1"]
[WhiteTeam "Zsambek"]
[BlackTeam "Zoltek"]
[WhiteTeamCountry "HUN"]
[BlackTeamCountry "HUN"]

1. e4 c5 2. Nf3 Nc6 3. d4 cxd4 4. Nxd4 g6 5. Nc3 Bg7 6. Be3 d6 7. Be2 Nf6 8. Qd2 0-0 9. f4 Bg4 10. Bf3 Rc8 11. h3 Bxf3 12. gxf3 a6 13. f5 Nh5 14. fxg6 fxg6 15. Ne6 Qd7 16. Nxf8 Rxf8 17. f4 Ng3 18. Rh2 e5 19. 0-0-0 exf4 20. Bxf4 Nh5 21. Bxd6 Rd8 22. Qd5+ Kh8 23. e5 Nf4 24. Qe4 Bh6 25. Kb1 Ne6 26. Qh4 Bg7 27. Rhd2 Qf7 28. Ne4 Kg8 29. Nf6+ Bxf6 30. Qxf6 Qe8 31. Ba3 Rxd2 32. Rxd2 Ng7 33. Rf2 Nf5 34. Rg2 Qc8 35. e6 Ng7 36. Qf7+ Kh8 37. e7 Qg8 38. Qxg8+ Kxg8 39. Rf2 1-0

[Event "HUN-chT2 Breyer 1112"]
[Site "Hungary"]
[Date "2012.05.20"]
[Round "11.12"]
[White "Bohm, Zsombor"]
[Black "Csillik, Kristof"]
[Result "0-1"]
[WhiteElo "1715"]
[BlackElo "1687"]
[PlyCount "96"]
[EventDate "2011.09.25"]
[EventType "team-tourn"]
[EventRounds "11"]
[EventCountry "HUN"]
[SourceTitle "EXT 2013"]
[Source "ChessBase"]
[SourceDate "2012.11.22"]
[SourceVersion "1"]
[SourceVersionDate "2012.11.22"]
[SourceQuality "1"]
[WhiteTeam "Zsambek"]
[BlackTeam "Husi"]
[WhiteTeamCountry "HUN"]
[BlackTeamCountry "HUN"]

1. e4 c5 2. Nf3 e6 3. d4 cxd4 4. Nxd4 Nc6 5. Nc3 Nf6 6. Be3 Bb4 7. Bd3 Qa5 8. Nde2 d5 9. exd5 Nxd5 10. Bd2 Nxc3 11. Bxc3 Bxc3+ 12. Nxc3 Bd7 13. 0-0 Ne7 14. Qf3 Bc6 15. Qg3 Ng6 16. Rad1 0-0 17. Bxg6 hxg6 18. a3 Rad8 19. Na2 Qh5 20. f3 Qc5+ 21. Qf2 Qxf2+ 22. Kxf2 b6 23. Nc3 Rfe8 24. Ke3 Kf8 25. Rxd8 Rxd8 26. Rd1 Rxd1 27. Nxd1 Ke7 28. Kd4 Kd6 29. Ne3 e5+ 30. Kc4 f5 31. c3 a6 32. b4 Bb5+ 33. Kb3 f4 34. Nc4+ Bxc4+ 35. Kxc4 b5+ 36. Kd3 Kd5 37. h4 g5 38. hxg5 g6 39. c4+ bxc4+ 40. Kc3 e4 41. fxe4+ Kxe4 42. Kxc4 Ke3 43. b5 axb5+ 44. Kxb5 Kf2 45. a4 Kxg2 46. a5 f3 47. a6 f2 48. a7 f1Q+ 0-1

[Event "HUN-chT2 Breyer 1112"]
[Site "Hungary"]
[Date "2012.02.19"]
[Round "6.11"]
[White "Balonyi, Roland"]
[Black "Bohm, Zsombor"]
[Result "0-1"]
[WhiteElo "1678"]
[BlackElo "1715"]
[PlyCount "98"]
[EventDate "2011.09.25"]
[EventType "team-tourn"]
[EventRounds "11"]
[EventCountry "HUN"]
[SourceTitle "EXT 2013"]
[Source "ChessBase"]
[SourceDate "2012.11.22"]
[SourceVersion "1"]
[SourceVersionDate "2012.11.22"]
[SourceQuality "1"]
[WhiteTeam "Zoltek"]
[BlackTeam "Zsambek"]
[WhiteTeamCountry "HUN"]
[BlackTeamCountry "HUN"]

1. e4 c5 2. Nf3 Nc6 3. d4 cxd4 4. Nxd4 g6 5. Nxc6 bxc6 6. Qd4 Nf6 7. e5 Qa5+ 8. Nc3 Nd5 9. e6 f6 10. exd7+ Bxd7 11. Bd2 Nxc3 12. Bxc3 Qd5 13. Rd1 Qxd4 14. Bxd4 e5 15. Bc3 Bc5 16. Bc4 Ke7 17. 0-0 Rad8 18. h3 Bf5 19. Bd3 Bxd3 20. cxd3 Bd4 21. Rc1 Bxc3 22. Rxc3 Rd6 23. Ra3 Rd7 24. Rc1 Rc7 25. Kf1 Rb8 26. Rc2 Kd6 27. Rac3 Rb5 28. Ke2 Ra5 29. a3 Rd5 30. b4 Rb5 31. Rc4 Rbb7 32. Ke3 Rb5 33. f4 a5 34. a4 Rxb4 35. fxe5+ fxe5 36. d4 exd4+ 37. Kxd4 Rcb7 38. Rd2 c5+ 39. Ke3+ Kc6 40. Rcc2 Re7+ 41. Kf3 Rxa4 42. Rd8 c4 43. Rd4 Kc5 44. Rd8 Ra3+ 45. Kf2 c3 46. Rc8+ Kb4 47. Rb8+ Kc4 48. Kf1 Ra1+ 49. Kf2 Kd3 0-1

[Event "HUN-chT2 Breyer 1011"]
[Site "Hungary"]
[Date "2010.09.12"]
[Round "1.11"]
[White "Bohm, Zsombor"]
[Black "Farkas, Laszlo"]
[Result "0-1"]
[WhiteElo "1694"]
[BlackElo "1885"]
[PlyCount "52"]
[EventDate "2010.09.12"]
[EventType "team-tourn"]
[EventRounds "11"]
[EventCountry "HUN"]
[SourceTitle "EXT 2012"]
[Source "ChessBase"]
[SourceDate "2011.11.24"]
[SourceVersion "1"]
[SourceVersionDate "2011.11.24"]
[SourceQuality "1"]
[WhiteTeam "Zsambek"]
[BlackTeam "Szazhalombatta"]
[WhiteTeamCountry "HUN"]
[BlackTeamCountry "HUN"]

1. e4 c5 2. Nf3 e6 3. d4 cxd4 4. Nxd4 a6 5. c3 Qc7 6. Be3 Nf6 7. Nd2 b5 8. f3 Bd6 9. g3 Bb7 10. N2b3 h5 11. Qd2 h4 12. Bf4 e5 13. Nf5 Bf8 14. Bg5 hxg3 15. Bxf6 gxf6 16. Nxg3 Bh6 17. Qe2 Bf4 18. Nf5 d5 19. Rd1 dxe4 20. Nd6+ Ke7 21. Nxb7 Qxb7 22. Nc5 Qb6 23. Nxe4 Nd7 24. Rd6 Qc7 25. Qd1 f5 26. Ng3 Bxg3+ 0-1

[Event "HUN-ch U12"]
[Site "Budapest"]
[Date "2010.06.28"]
[Round "3"]
[White "Antal, Tibor Kende"]
[Black "Bohm, Zsombor"]
[Result "1/2-1/2"]
[WhiteElo "2153"]
[BlackElo "1692"]
[PlyCount "122"]
[EventDate "2010.06.26"]
[EventType "swiss"]
[EventRounds "9"]
[EventCountry "HUN"]
[SourceTitle "CBM 137 Extra"]
[Source "ChessBase"]
[SourceDate "2010.09.01"]
[SourceVersion "1"]
[SourceVersionDate "2010.09.01"]
[SourceQuality "1"]

1. e4 c5 2. Nf3 Nc6 3. d4 cxd4 4. Nxd4 g6 5. c4 Bg7 6. Be3 Nf6 7. Nc3 d6 8. Be2 Bd7 9. 0-0 0-0 10. f4 Qb6 11. Nf5 Qxb2 12. Na4 Qa3 13. Bc1 Qb4 14. Bd2 Qa3 15. Rf3 Qxf3 16. Nh6+ Bxh6 17. Bxf3 Nd4 18. Be3 Nxf3+ 19. gxf3 Nh5 20. Nc3 Bxf4 21. Bxf4 Nxf4 22. Qd2 Ne6 23. Nd5 Rae8 24. Qf2 b6 25. Qh4 f6 26. Kh1 Bc6 27. f4 Bxd5 28. cxd5 Nc5 29. f5 Kg7 30. Rg1 Rh8 31. Qe1 Rc8 32. Qe3 Nd7 33. h4 Ne5 34. Rc1 Nd7 35. Rc6 Ne5 36. Rc3 Nd7 37. Qc1 Nc5 38. Kh2 Rhg8 39. a3 Rh8 40. Qc2 Rhg8 41. Rg3 Nd7 42. Rc3 Nc5 43. Qg2 Kf7 44. Qh3 Kg7 45. Qg4 Rgf8 46. fxg6 hxg6 47. Rg3 g5 48. hxg5 Rh8+ 49. Kg2 Rcg8 50. Qf5 Kf7 51. g6+ Kg7 52. Qg4 Rh6 53. Kf2 Rgh8 54. Qf5 Rh5 55. Qf3 R5h6 56. Ke3 Rh4 57. Rg4 Rh3 58. Rg3 R3h4 59. Qf5 Rxe4+ 60. Kf2 Re5 61. Qc2 Ne4+ 1/2-1/2

[Event "HUN-chT2 Breyer 0910"]
[Site "Hungary"]
[Date "2010.04.11"]
[Round "9"]
[White "Felmery, Mate"]
[Black "Bohm, Zsombor"]
[Result "1-0"]
[WhiteElo "1714"]
[BlackElo "1692"]
[PlyCount "105"]
[EventDate "2009.11.08"]
[EventType "team-tourn"]
[EventRounds "11"]
[EventCountry "HUN"]
[SourceTitle "EXT 2011"]
[Source "ChessBase"]
[SourceDate "2010.11.26"]
[SourceVersion "1"]
[SourceVersionDate "2010.11.26"]
[SourceQuality "1"]
[WhiteTeam "Biatorbagy"]
[BlackTeam "Zsambek"]
[WhiteTeamCountry "HUN"]
[BlackTeamCountry "HUN"]

1. e4 c5 2. Nf3 Nc6 3. d4 cxd4 4. Nxd4 g6 5. Nc3 Bg7 6. Be3 Nf6 7. Be2 0-0 8. Qd2 d6 9. f3 Bd7 10. g4 Nxd4 11. Bxd4 Qc7 12. g5 Nh5 13. Nd5 Qd8 14. f4 Bxd4 15. Qxd4 e6 16. Nf6+ Nxf6 17. gxf6 Bc6 18. 0-0-0 Qa5 19. a3 Rac8 20. Rhg1 e5 21. fxe5 Qxe5 22. Qxd6 Qxd6 23. Rxd6 Bxe4 24. Bd3 Bxd3 25. Rxd3 Rc6 26. Rf1 h5 27. Rd7 Rfc8 28. c3 R6c7 29. Rfd1 Kh7 30. Re7 Kg8 31. Rdd7 Rxd7 32. Rxd7 b6 33. Rxa7 Rc6 34. a4 Rxf6 35. b4 Rc6 36. Kd2 f5 37. b5 Re6 38. a5 bxa5 39. Rxa5 Kf7 40. c4 Ke8 41. c5 Kd7 42. Ra7+ Kc8 43. Kd3 f4 44. Rf7 g5 45. Kd4 Re8 46. c6 f3 47. Rxf3 Kc7 48. Rf7+ Kd6 49. Rd7+ Ke6 50. b6 Rb8 51. Kc5 g4 52. Rd2 h4 53. c7 1-0

[Event "HUN-chT2 Breyer 0910"]
[Site "Hungary"]
[Date "2010.03.21"]
[Round "8"]
[White "Bohm, Zsombor"]
[Black "Pallag, Gergely"]
[Result "0-1"]
[WhiteElo "1692"]
[BlackElo "2030"]
[PlyCount "64"]
[EventDate "2009.11.08"]
[EventType "team-tourn"]
[EventRounds "11"]
[EventCountry "HUN"]
[SourceTitle "EXT 2011"]
[Source "ChessBase"]
[SourceDate "2010.11.26"]
[SourceVersion "1"]
[SourceVersionDate "2010.11.26"]
[SourceQuality "1"]
[WhiteTeam "Zsambek"]
[BlackTeam "Kisber Aszar"]
[WhiteTeamCountry "HUN"]
[BlackTeamCountry "HUN"]

1. e4 e6 2. d4 d5 3. exd5 exd5 4. Be3 Bd6 5. Bd3 Nf6 6. h3 0-0 7. Nf3 Re8 8. 0-0 Nbd7 9. Nbd2 Ne4 10. c3 f5 11. Qb3 Ndf6 12. Ng5 Nxd2 13. Bxd2 h6 14. Nf3 c6 15. Rfe1 Ne4 16. Bxe4 fxe4 17. Nh2 Qh4 18. Nf1 Rf8 19. Re2 b6 20. Qa4 Bd7 21. Be1 Qg5 22. Bd2 Qh5 23. Rae1 Rf6 24. Ng3 Qg6 25. Qb3 Bxg3 26. fxg3 Qxg3 27. Re3 Qf2+ 28. Kh1 Qxd2 29. R1e2 Qc1+ 30. Kh2 Qf1 31. Rxe4 Raf8 32. Re7 Bxh3 0-1